| 000 | 01387cam a22003374a 4500 | ||
|---|---|---|---|
| 001 | 12950943 | ||
| 005 | 20031023083225.0 | ||
| 008 | 020927s2003 inua 001 0 eng | ||
| 010 | _a | ||
| 020 | _a0789736977 | ||
| 035 | _a(DLC) 2002113713 | ||
| 040 |
_aDLC _cDLC _dDLC |
||
| 042 | _apcc | ||
| 050 | 0 | 0 |
_aTK7887 _b.M84 2003b |
| 082 | 0 | 0 |
_a621.3916 _221 _bMUE |
| 100 | 1 |
_aMueller, Scott. _94759 |
|
| 245 | 1 | 0 |
_aUpgrading and repairing PCs / _cScott Mueller. |
| 246 | 1 | 4 | _aScott Mueller's upgrading and repairing PCs |
| 250 | _a18th ed. | ||
| 260 |
_aIndianapolis, Ind. : _bQue, _c2008. |
||
| 300 |
_axi, 1556 p. : _bill. ; _c24 cm. |
||
| 500 | _aIncludes index. | ||
| 650 | 0 |
_aMicrocomputers _xMaintenance and repair. _94760 |
|
| 650 | 0 |
_aMicrocomputers _xEquipment and supplies. _94761 |
|
| 650 | 0 |
_aMicrocomputers _xUpgrading. _94762 |
|
| 856 | 4 | 1 |
_3Table of contents _uhttp://www.loc.gov/catdir/toc/fy037/2002113713.html |
| 942 |
_2ddc _cBB |
||
| 999 |
_c11537 _d11537 |
||